[Event "Belgrade Spring Open 2021"]
[Site "Belgrade"]
[Date "2021.04.05"]
[Round "5.3"]
[White "Thybo, Jesper Sondergaard"]
[Black "Velickovic, Sasa"]
[Result "1/2-1/2"]
[WhiteElo "2568"]
[BlackElo "2274"]
[Annotator "TA"]
[PlyCount "254"]
[EventDate "2021.04.02"]
[EventType "swiss"]
[EventCountry "SRB"]
[SourceTitle "playchess.com"]
[Source "ChessBase"]
[SourceQuality "1"]

{[%evp 21,254,66,74,80,96,66,70,66,73,59,62,61,58,56,69,61,67,51,64,53,62,30,41,26,75,18,22,16,26,16,16,16,41,19,19,19,22,20,34,0,17,4,52,16,16,7,14,18,37,27,18,29,25,49,169,169,169,169,169,169,169,169,162,82,99,82,88,0,0,0,113,70,99,0,100,13,21,0,0,0,1,0,0,0,0,0,0,0,8,0,0,0,0,-756,0,0,0,-46,0,0,0,0,0,0,0,0,0,0,0,0,0,0,164,161,158,12,12,12,12,0,0,0,0,0,0,0,0,0,0,0,0,0,0,0,0,0,0,0,0,0,0,0,0,0,0,0,0,0,0,0,0,0,0,0,0,0,0,0,0,0,0,0,0,0,0,0,0,0,0,0,0,0,0,0,0,0,0,0,0,0,0,0,0,0,0,0,0,0,0,0,0,0,0,0,0,0,0,0,0,0,0,0,0,0,0,0,0,0,0,0,0,0,0,0,0,0,0,0,0,0,0,0,0,0,0,0,0,0,0,0,0,0,0,-8,-8]} 1. Nf3 c5 2. c4 g6 3. d4 Bg7 4. e4 d6 5. Nc3 Na6 6. Be2 cxd4 7. Nxd4 Nf6 8. O-O O-O 9. Be3 Nc5 10. f3 Ne6 11. Qd2 Nxd4 12. Bxd4 {A31: Symmetrical English: 2 Nf3 Nf6 3 d4.} (12. Qxd4 Ng4 $1 $15) 12... Be6 13. Rad1 a6 {[#]} 14. b3 $146 {White is slightly better.} ({Predecessor:} 14. f4 b5 15. cxb5 axb5 16. a3 Rb8 17. e5 dxe5 18. Bxe5 Qxd2 19. Rxd2 b4 20. Nb5 {½-½ (35) Havelka,O (1743)-Wiewiorkowski,D (2102) Karvina 2014}) 14... Nd7 15. f4 Bxd4+ 16. Qxd4 f6 $1 17. Kh1 Qb6 18. Qd2 Kh8 19. h3 Rg8 20. Nd5 Qd8 21. Ne3 g5 22. Bg4 gxf4 23. Rxf4 (23. Bxe6 $16 fxe3 24. Qxe3) 23... Bxg4 $11 24. Nxg4 Rg6 25. Qd5 b6 26. Ne3 Qg8 27. Rf2 Rd8 28. Qd4 Rb8 29. Nf5 Qe8 30. b4 Rc8 31. Rc2 Rd8 32. Qe3 Ra8 33. Qb3 a5 34. a3 axb4 35. axb4 Rg8 36. Ra2 Rxa2 37. Qxa2 Qd8 (37... Ne5 $14) 38. c5 $36 {[%mdl 2048] White is really pushing.} bxc5 39. Nh6 {Black must now prevent Nf7+.} Rf8 40. Nf7+ Rxf7 41. Qxf7 cxb4 {[%mdl 4096] Endgame KQR-KQN} 42. Rb1 (42. Ra1 $1 $18 {[%cal Ra1a7] Ra7 is the strong threat.} h6 43. Kh2) 42... Ne5 $16 43. Qe6 {[%mdl 1024] White has strong compensation.} Qc7 44. Ra1 ({Much weaker is} 44. Rxb4 $6 Qc1+ 45. Kh2 Qf4+ 46. Kh1 Qc1+ 47. Kh2 Qf4+ 48. Kh1 Qc1+ $11) ({Better is} 44. Qb3 $16) 44... Kg7 $11 45. Rb1 Qd7 (45... Nd3 $11 {remains equal.}) 46. Qb3 Qb7 47. Qe6 (47. Qxb4 $16 Qxb4 48. Rxb4) 47... Qd7 ({Don't blunder} 47... Qxe4 $2 48. Qxe7+ Kg6 49. Rf1 $18) (47... Qc7 $11) 48. Qd5 (48. Qxd7 $16 Nxd7 49. Rxb4) 48... Qc7 49. Kh2 ({Reject} 49. Rxb4 Qc1+ 50. Kh2 Qf4+ 51. Kh1 Qf1+ 52. Kh2 Nf3+ $1 53. gxf3 Qf2+ 54. Kh1 Qe1+ 55. Kg2 Qxb4 $17) 49... Qc5 50. Rb3 Ng6 $1 51. Rg3 (51. Qd2 {with more complications.} Qe5+ 52. Kg1 Qxe4 53. Rxb4 Qe5 54. Ra4) 51... Qxd5 52. exd5 {KR-KN} f5 $1 53. Re3 Kf6 54. Re6+ Kg5 55. Kg3 f4+ 56. Kf2 b3 57. Re2 $2 {[%mdl 8192]} (57. Re4 $11) 57... Kf5 $2 (57... Ne5 $19 58. Kg1 Nd3 59. Rxe7 b2) 58. Ke1 Ne5 59. Kd2 e6 (59... Nc4+ {is more complex.} 60. Kc3 b2 61. Re1 Ne3 62. Kxb2 Nxd5 63. Kc2 h5) 60. dxe6 Kxe6 61. Re4 b2 62. Kc2 Kf5 63. Rd4 f3 64. gxf3 Nxf3 65. Rxd6 (65. Rg4 {seems wilder.} d5 66. Kxb2 d4 67. Rg8 h5 68. Rh8) 65... h5 66. Rd5+ (66. Rb6 {keeps more tension.} Kf4 67. Rxb2 Kg3 68. Rb3 h4 69. Kd3) 66... Ne5 $2 (66... Kf4 $1 $11 {and Black has nothing to worry.}) 67. Kxb2 $18 Kf4 {[#]} 68. Kc3 ({Only move:} 68. Kc2 $1 $16) 68... h4 $11 {The position is equal.} 69. Kd2 Nf3+ 70. Kd1 {And now Rd3 would win.} (70. Kd3 {looks sharper.} Ng1 71. Rd4+ Kg3 72. Rg4+ Kh2 73. Kd2) 70... Kg3 71. Rd3 {Strongly threatening Ke2.} Kg2 72. Ra3 (72. Rd7 {looks sharper.} Ng1 73. Rh7 Nxh3 74. Rxh4 Nf2+ 75. Ke2) 72... Ng1 73. Ra8 Nxh3 74. Ke1 Nf4 75. Rg8+ Kf3 76. Kf1 Ke3 (76... h3 {keeps more tension.} 77. Rf8 Ke3 78. Kg1 Ne2+ 79. Kh2 Nf4) 77. Kg1 Kf3 78. Kh2 Ke4 (78... h3 {with more complications.} 79. Rf8 Ke3 80. Re8+ Kf3 81. Rf8) 79. Rg4 Kf3 80. Rxh4 (80. Rg7 {is interesting.} Nd3 81. Re7 Kf4 82. Rf7+ Ke4 83. Kh3) 80... Ne2 81. Rh8 Nf4 82. Rf8 Kg4 83. Rg8+ Kf3 84. Rg3+ Ke4 85. Ra3 Nd3 86. Kg3 Nc5 87. Ra8 Nd3 88. Ra4+ Ke3 89. Kg4 Nb2 90. Ra3+ Ke4 91. Ra8 Nd3 92. Re8+ Kd4 93. Kf5 Nc5 94. Re1 Nd3 95. Re4+ Kd5 96. Re8 Kd4 97. Rd8+ Ke3 98. Rd5 Nf2 99. Re5+ (99. Rd7 {seems wilder.} Kf3 100. Kf6 Ke2 101. Kg7 Ne4 102. Kh6) 99... Kf3 100. Re7 Ng4 101. Rc7 Ne3+ 102. Ke5 Ng4+ 103. Kd4 Kf4 104. Rf7+ Kg5 105. Rf1 Nf6 106. Ke5 Ng4+ 107. Ke6 Ne3 108. Rf2 Kg4 109. Ke5 Kg3 110. Rf8 (110. Ra2 {feels hotter.} Ng4+ 111. Ke6 Nh6 112. Ke7 Ng4 113. Ke8) 110... Ng4+ 111. Kf5 {White threatens Rg8! and mate.} Nf2 112. Ra8 Kf3 113. Ra3+ Ke2 114. Kf4 Nd3+ 115. Ke4 {White wants to mate with Ra2+.} Nf2+ 116. Kd4 Nd1 117. Rh3 (117. Rd3 {keeps more tension.} Nf2 118. Rg3 Kd2 119. Rg2 Ke1 120. Kc3) 117... Nf2 118. Re3+ Kd2 119. Re8 (119. Re6 {is interesting.} Nd3 120. Re3 Nf2) 119... Nd1 120. Rb8 Ke2 121. Rb3 Kd2 122. Rd3+ (122. Rb1 {is more complex.} Ke2 123. Ra1 Nf2 124. Ra2+ Kf3 125. Kc4) 122... Ke2 (122... Kc1 {with more complications.} 123. Ra3 Kb1 124. Kc5 Kc1 125. Kb6 Kd2) 123. Ra3 Nf2 124. Re3+ Kd2 125. Re7 Nd1 126. Re8 Nf2 127. Re2+ Kxe2 {What a fight!  Weighted Error Value: White=0.36/Black=0.27} 1/2-1/2

[Event "Belgrade Spring Open 2021"]
[Site "Belgrade"]
[Date "2021.04.05"]
[Round "5.3"]
[White "Kaasen, Tor Fredrik"]
[Black "Dimitrijevic, Dusan"]
[Result "*"]
[WhiteElo "2397"]
[BlackElo "2092"]
[Annotator "ChessBase"]
[PlyCount "40"]
[EventDate "2021.04.02"]
[EventType "swiss"]
[EventCountry "SRB"]
[SourceTitle "playchess.com"]
[Source "ChessBase"]
[SourceQuality "1"]
[TimeControl "5400+30"]

1. Nf3 {[%emt 0:00:00]} c5 {[%emt 0:00:21]} 2. c4 {[%emt 0:00:04]} g6 {[%emt 0:00:23]} 3. d4 {[%emt 0:01:03]} Bg7 {[%emt 0:00:20]} 4. e4 {[%emt 0:00:33]} d6 {[%emt 0:00:18]} 5. Nc3 {[%emt 0:00:50]} Na6 {[%emt 0:00:25]} 6. Be2 {[%emt 0:00:35]} cxd4 {[%emt 0:06:23]} 7. Nxd4 {[%emt 0:00:14]} Nf6 {[%emt 0:00:06]} 8. O-O {[%emt 0:01:40]} O-O {[%emt 1:25:44]} 9. Be3 {[%emt 0:00:42]} Nc5 {[%emt 0:01:44]} 10. f3 {[%emt 0:02:47]} Ne6 {[%emt 0:02:12]} 11. Qd2 {[%emt 0:03:26]} Nxd4 {[%emt 0:00:29]} 12. Bxd4 {[%emt 0:00:07]} Be6 {[%emt 0:00:05]} 13. Rad1 {[%emt 0:05:42]} a6 {[%emt 1:22:13]} 14. b3 {[%emt 0:03:37]} Nd7 {[%emt 0:20:40]} 15. f4 {[%emt 0:00:28]} Bxd4+ {[%emt 0:04:10]} 16. Qxd4 {[%emt 0:00:05]} f6 {[%emt 0:00:07]} 17. Kh1 {[%emt 1:16:37]} Qb6 {[%emt 0:11:19]} 18. Qd2 {[%emt 1:15:41]} Kh8 {[%emt 0:00:11]} 19. h3 {[%emt 1:15:15]} Rg8 {[%emt 0:12:44]} 20. Nd5 {[%emt 1:10:38]} Qd8 {[%emt 0:04:30]} *

[Event "Belgrade Spring Open 2021"]
[Site "Belgrade"]
[Date "2021.04.05"]
[Round "5.4"]
[White "Thybo, Jesper Sondergaard"]
[Black "Velickovic, Sasa"]
[Result "*"]
[WhiteElo "2568"]
[BlackElo "2274"]
[Annotator "TA"]
[PlyCount "39"]
[EventDate "2021.04.02"]
[EventType "swiss"]
[EventCountry "SRB"]
[SourceTitle "playchess.com"]
[Source "ChessBase"]
[SourceQuality "1"]

{[%evp 9,39,21,35,15,55,42,52,36,37,23,43,-10,-1,-8,0,0,0,-27,-24,-21,26,34,67,-42,-54,-45,-39,-40,-17,-48,-44,-50]} 1. d4 e6 2. c4 b6 3. a3 Bb7 4. Nc3 f5 5. Bf4 Be7 6. e3 {[#] A40: Unusual replies to 1 d4.} Bf6 $146 ({Predecessor:} 6... Nf6 7. d5 O-O 8. Be2 d6 9. Nh3 e5 10. Bg3 h6 11. O-O Nbd7 12. f4 e4 {0-1 (37) Nilsson,C-Soderberg,P Sweden 1980}) 7. Nf3 Ne7 8. Bd3 {White is slightly better.} d6 9. e4 Nd7 10. Qe2 (10. Ng5 $14 Nf8 11. exf5 exf5 12. d5) 10... O-O $11 11. O-O e5 12. dxe5 dxe5 13. Bd2 Nc5 14. Bc2 f4 15. Rfd1 {Strongly threatening Bxf4!} Qe8 16. Nd5 (16. b4 $14 Ne6 17. Nd5) 16... Nxd5 $15 17. cxd5 Ba6 18. Qe1 g5 $1 {[%cal Rg5g4] [#] ...g4 is the strong threat.} 19. Bb4 g4 20. Bxc5 {Weighted Error Value: White=0.31/Black=0.10} *

[Event "Belgrade Spring Open 2021"]
[Site "Belgrade"]
[Date "2021.04.05"]
[Round "5.4"]
[White "Kaasen, Tor Fredrik"]
[Black "Dimitrijevic, Dusan"]
[Result "1-0"]
[WhiteElo "2397"]
[BlackElo "2092"]
[Annotator "ChessBase"]
[PlyCount "71"]
[EventDate "2021.04.02"]
[EventType "swiss"]
[EventCountry "SRB"]
[SourceTitle "playchess.com"]
[Source "ChessBase"]
[SourceQuality "1"]
[TimeControl "5400+30"]

1. d4 {[%emt 0:07:53]} e6 {[%emt 0:00:17]} 2. c4 {[%emt 0:01:00]} b6 {[%emt 0:00:14]} 3. a3 {[%emt 0:00:43]} Bb7 {[%emt 0:01:05]} 4. Nc3 {[%emt 0:00:24]} f5 {[%emt 0:00:33]} 5. Bf4 {[%emt 0:00:58]} Be7 {[%emt 0:01:24]} 6. e3 {[%emt 0:01:25]} Bf6 {[%emt 0:02:38]} 7. Nf3 {[%emt 0:04:41]} Ne7 {[%emt 0:01:09]} 8. Bd3 {[%emt 0:01:51]} d6 {[%emt 0:05:30]} 9. e4 {[%emt 0:04:50]} Nd7 {[%emt 0:08:11]} 10. Qe2 {[%emt 0:04:02]} O-O {[%emt 0:07:00]} 11. O-O {[%emt 0:03:05]} e5 {[%emt 0:03:07]} 12. dxe5 {[%emt 0:01:19]} dxe5 {[%emt 0:01:04]} 13. Bd2 {[%emt 0:01:03]} Nc5 {[%emt 0:03:36]} 14. Bc2 {[%emt 0:00:31]} f4 {[%emt 0:01:13]} 15. Rfd1 {[%emt 0:09:43]} Qe8 {[%emt 0:01:16]} 16. Nd5 {[%emt 0:02:52]} Nxd5 {[%emt 0:08:55]} 17. cxd5 {[%emt 0:00:26]} Ba6 {[%emt 0:02:59]} 18. Qe1 {[%emt 0:00:22]} g5 {[%emt 0:04:50]} 19. Bb4 {[%emt 0:06:47]} g4 {[%emt 0:00:34]} 20. Bxc5 {[%emt 0:02:03]} bxc5 {[%emt 0:09:57]} 21. Nd2 {[%emt 0:00:13]} Bh4 {[%emt 0:02:11]} 22. Nf1 {[%emt 0:01:36]} g3 {[%emt 0:02:28]} 23. fxg3 {[%emt 0:12:57]} fxg3 {[%emt 0:01:09]} 24. Qa5 {[%emt 0:00:51]} gxh2+ {[%emt 0:04:33]} 25. Kh1 {[%emt 0:03:59]} Qg6 {[%emt 0:00:09]} 26. Ne3 {[%emt 0:03:05]} Rf2 {[%emt 0:01:26]} 27. d6 {[%emt 0:04:13]} Be2 {[%emt 0:13:33]} 28. Qxc5 {[%emt 0:01:51]} Raf8 {[%emt 0:02:59]} 29. Bb3+ {[%emt 0:03:50]} Kg7 {[%emt 0:00:38]} 30. dxc7 {[%emt 0:03:14]} Bg4 {[%emt 0:02:38]} 31. Rd8 {[%emt 0:04:40]} Bxd8 {[%emt 0:06:26]} 32. cxd8=Q {[%emt 0:00:32]} Rxd8 {[%emt 0:00:26]} 33. Nxg4 {[%emt 0:00:27]} Qxg4 {[%emt 0:01:45]} 34. Qxf2 {[%emt 0:00:10]} Rf8 {[%emt 0:00:36]} 35. Qxa7+ {[%emt 0:00:10]} Kh6 {[%emt 0:00:14]} 36. Qe3+ {[%emt 0:01:23]} 1-0

[Event "Belgrade Spring Open 2021"]
[Site "Belgrade"]
[Date "2021.04.05"]
[Round "5.5"]
[White "Ozsakallioglu, Okan"]
[Black "Sturt, Raven"]
[Result "0-1"]
[WhiteElo "2249"]
[BlackElo "2490"]
[Annotator "ChessBase"]
[PlyCount "86"]
[EventDate "2021.04.02"]
[EventType "swiss"]
[EventCountry "SRB"]
[SourceTitle "playchess.com"]
[Source "ChessBase"]
[SourceQuality "1"]
[TimeControl "5400+30"]

1. d4 {[%emt 0:06:47]} Nf6 {[%emt 0:00:00]} 2. Nf3 {[%emt 0:00:19]} e6 {[%emt 0:00:00]} 3. c4 {[%emt 0:00:41]} b6 {[%emt 0:00:42]} 4. g3 {[%emt 0:01:30]} Bb7 {[%emt 0:01:22]} 5. Bg2 {[%emt 0:00:08]} Be7 {[%emt 0:00:02]} 6. O-O {[%emt 0:02:19]} O-O {[%emt 0:00:08]} 7. Nc3 {[%emt 0:06:30]} Ne4 {[%emt 0:00:09]} 8. Qc2 {[%emt 0:00:05]} Nxc3 {[%emt 0:07:53]} 9. Qxc3 {[%emt 0:00:06]} d6 {[%emt 0:00:12]} 10. b3 {[%emt 0:00:08]} Bf6 {[%emt 0:02:35]} 11. Bb2 {[%emt 0:00:13]} Nd7 {[%emt 0:00:12]} 12. Qc2 {[%emt 0:00:18]} g6 {[%emt 0:03:57]} 13. Rad1 {[%emt 0:02:28]} Qe7 {[%emt 0:07:29]} 14. e4 {[%emt 0:07:15]} Bg7 {[%emt 0:08:13]} 15. e5 {[%emt 0:02:43]} dxe5 {[%emt 0:04:46]} 16. Nxe5 {[%emt 0:00:11]} Bxg2 {[%emt 0:00:26]} 17. Kxg2 {[%emt 0:00:16]} Nxe5 {[%emt 0:04:26]} 18. dxe5 {[%emt 0:04:29]} Qc5 {[%emt 0:03:35]} 19. Qe4 {[%emt 0:00:14]} Rad8 {[%emt 0:02:07]} 20. f4 {[%emt 0:10:14]} Qa5 {[%emt 0:01:03]} 21. Qc2 {[%emt 0:01:17]} h5 {[%emt 0:00:51]} 22. Bc3 {[%emt 0:00:21]} Qc5 {[%emt 0:01:01]} 23. Qe4 {[%emt 0:00:06]} b5 {[%emt 0:04:40]} 24. Kf3 {[%emt 0:08:46]} Qa3 {[%emt 0:09:22]} 25. Qc2 {[%emt 0:02:14]} bxc4 {[%emt 0:00:56]} 26. bxc4 {[%emt 0:00:06]} Qa6 {[%emt 0:01:23]} 27. Ba1 {[%emt 0:01:50]} Rfe8 {[%emt 0:00:24]} 28. h3 {[%emt 0:00:14]} Qc6+ {[%emt 0:01:40]} 29. Ke3 {[%emt 0:06:06]} Bf8 {[%emt 0:02:55]} 30. Bd4 {[%emt 0:00:19]} a6 {[%emt 0:06:41]} 31. g4 {[%emt 0:11:28]} h4 {[%emt 0:07:14]} 32. f5 {[%emt 0:05:06]} exf5 {[%emt 0:01:41]} 33. gxf5 {[%emt 0:01:23]} Bc5 {[%emt 0:03:54]} 34. Qe4 {[%emt 0:02:44]} Bxd4+ {[%emt 0:01:01]} 35. Rxd4 {[%emt 0:00:09]} Qc5 {[%emt 0:00:02]} 36. e6 {[%emt 0:00:31]} fxe6 {[%emt 0:01:18]} 37. f6 {[%emt 0:00:43]} Kf7 {[%emt 0:00:26]} 38. Kd3 {[%emt 0:03:23]} e5 {[%emt 0:00:57]} 39. Rd5 {[%emt 0:00:45]} c6 {[%emt 0:00:33]} 40. Rxd8 {[%emt 0:03:07]} Rxd8+ {[%emt 0:00:05]} 41. Ke2 {[%emt 0:00:17]} Rd4 {[%emt 0:00:08]} 42. Qc2 {[%emt 0:00:02]} e4 {[%emt 0:00:31]} 43. Qb3 {[%emt 0:00:26]} Qh5+ {[%emt 0:01:20]} 0-1

[Event "Belgrade Spring Open 2021"]
[Site "Belgrade"]
[Date "2021.04.05"]
[Round "5.6"]
[White "Pasti, Aron"]
[Black "Draskovic, Luka"]
[Result "1/2-1/2"]
[WhiteElo "2231"]
[BlackElo "2472"]
[Annotator "ChessBase"]
[PlyCount "80"]
[EventDate "2021.04.02"]
[EventType "swiss"]
[EventCountry "SRB"]
[SourceTitle "playchess.com"]
[Source "ChessBase"]
[SourceQuality "1"]
[TimeControl "5400+30"]

1. e4 {[%emt 0:00:00]} d6 {[%emt 0:00:00]} 2. d4 {[%emt 0:00:00]} Nf6 {[%emt 0:00:00]} 3. Nc3 {[%emt 0:00:00]} Nbd7 {[%emt 0:00:52]} 4. Nf3 {[%emt 0:00:39]} e5 {[%emt 0:00:08]} 5. Bc4 {[%emt 0:00:42]} Be7 {[%emt 0:00:07]} 6. O-O {[%emt 0:00:13]} O-O {[%emt 0:02:33]} 7. Re1 {[%emt 0:02:34]} c6 {[%emt 0:01:10]} 8. a4 {[%emt 0:00:32]} h6 {[%emt 0:00:51]} 9. a5 {[%emt 0:13:25]} Rb8 {[%emt 0:01:24]} 10. Be3 {[%emt 0:18:49]} Ng4 {[%emt 0:09:12]} 11. Bd2 {[%emt 0:07:34]} Ngf6 {[%emt 0:12:28]} 12. h3 {[%emt 0:05:21]} b5 {[%emt 0:00:39]} 13. axb6 {[%emt 0:00:08]} axb6 {[%emt 0:00:48]} 14. b4 {[%emt 0:04:55]} b5 {[%emt 0:07:49]} 15. Bf1 {[%emt 0:08:20]} Bb7 {[%emt 0:04:53]} 16. Qb1 {[%emt 0:07:02]} Re8 {[%emt 0:02:59]} 17. Qb3 {[%emt 0:01:39]} exd4 {[%emt 0:07:21]} 18. Nxd4 {[%emt 0:01:18]} Bf8 {[%emt 0:00:21]} 19. Rad1 {[%emt 0:07:08]} Ne5 {[%emt 0:03:35]} 20. f4 {[%emt 0:04:30]} Ng6 {[%emt 0:08:51]} 21. Bd3 {[%emt 0:02:01]} Nh5 {[%emt 0:07:44]} 22. Rf1 {[%emt 0:08:33]} d5 {[%emt 0:07:10]} 23. exd5 {[%emt 0:02:08]} c5 {[%emt 0:07:11]} 24. Bxg6 {[%emt 0:03:51]} fxg6 {[%emt 0:03:12]} 25. Ndxb5 {[%emt 0:00:35]} cxb4 {[%emt 0:00:28]} 26. d6+ {[%emt 0:00:04]} Kh7 {[%emt 0:00:04]} 27. Qxb4 {[%emt 0:00:04]} Ng3 {[%emt 0:02:49]} 28. Rfe1 {[%emt 0:01:03]} Nf5 {[%emt 0:00:47]} 29. Qc5 {[%emt 0:00:49]} Rc8 {[%emt 0:02:31]} 30. Rxe8 {[%emt 0:00:29]} Qxe8 {[%emt 0:00:05]} 31. Qb6 {[%emt 0:00:31]} Qd7 {[%emt 0:01:46]} 32. Bc1 {[%emt 0:00:32]} Nh4 {[%emt 0:02:53]} 33. Rd2 {[%emt 0:00:30]} Ba8 {[%emt 0:00:32]} 34. Kh2 {[%emt 0:00:27]} Nxg2 {[%emt 0:03:11]} 35. Rxg2 {[%emt 0:00:19]} Bxg2 {[%emt 0:00:05]} 36. Kxg2 {[%emt 0:00:01]} Bxd6 {[%emt 0:00:57]} 37. Qxd6 {[%emt 0:01:06]} Qxd6 {[%emt 0:00:05]} 38. Nxd6 {[%emt 0:00:07]} Rxc3 {[%emt 0:00:01]} 39. Ne4 {[%emt 0:00:28]} Rxc2+ {[%emt 0:00:21]} 40. Bd2 {[%emt 0:00:05]} Ra2 {[%emt 0:00:24]} 1/2-1/2

[Event "Belgrade Spring Open 2021"]
[Site "Belgrade"]
[Date "2021.04.05"]
[Round "5.7"]
[White "Janjic, Stefan"]
[Black "Tadic, Stefan"]
[Result "*"]
[WhiteElo "2176"]
[BlackElo "2416"]
[Annotator "ChessBase"]
[PlyCount "31"]
[EventDate "2021.04.02"]
[EventType "swiss"]
[EventCountry "SRB"]
[SourceTitle "playchess.com"]
[Source "ChessBase"]
[SourceQuality "1"]
[TimeControl "5400+30"]

1. Nf3 {[%emt 0:00:00]} e6 {[%emt 1:30:30]} 2. c4 {[%emt 0:00:00]} Nf6 {[%emt 0:03:55]} 3. Nc3 {[%emt 0:00:00]} d5 {[%emt 0:00:51]} 4. e3 {[%emt 0:00:07]} Bd6 {[%emt 0:03:32]} 5. d4 {[%emt 0:01:13]} c6 {[%emt 0:00:40]} 6. Bd3 {[%emt 0:00:04]} Nbd7 {[%emt 0:01:38]} 7. e4 {[%emt 0:00:06]} dxe4 {[%emt 0:03:52]} 8. Nxe4 {[%emt 1:32:30]} Nxe4 {[%emt 0:01:50]} 9. Bxe4 {[%emt 0:00:04]} Bb4+ {[%emt 0:04:56]} 10. Bd2 {[%emt 0:00:08]} Bxd2+ {[%emt 0:02:03]} 11. Qxd2 {[%emt 0:00:07]} O-O {[%emt 0:01:42]} 12. O-O {[%emt 0:05:14]} c5 {[%emt 0:03:23]} 13. Rfd1 {[%emt 0:01:35]} cxd4 {[%emt 0:12:26]} 14. Qxd4 {[%emt 0:01:56]} Qf6 {[%emt 0:04:05]} 15. Bc2 {[%emt 0:17:48]} a5 {[%emt 0:11:08]} 16. Qd2 {[%emt 0:03:08]} *

[Event "Belgrade Spring Open 2021"]
[Site "Belgrade"]
[Date "2021.04.05"]
[Round "5.7"]
[White "Mitev, Valentin"]
[Black "Pastar, Slaven"]
[Result "1-0"]
[WhiteElo "2166"]
[BlackElo "2374"]
[Annotator "ChessBase"]
[PlyCount "103"]
[EventDate "2021.04.02"]
[EventType "swiss"]
[EventCountry "SRB"]
[SourceTitle "playchess.com"]
[Source "ChessBase"]
[SourceQuality "1"]
[TimeControl "5400+30"]

1. Nf3 {[%emt 0:00:00]} e6 {[%emt 0:01:38]} 2. c4 {[%emt 0:00:00]} Nf6 {[%emt 0:03:55]} 3. Nc3 {[%emt 0:00:00]} d5 {[%emt 0:00:51]} 4. e3 {[%emt 0:00:07]} Bd6 {[%emt 0:03:32]} 5. d4 {[%emt 0:01:13]} c6 {[%emt 0:00:40]} 6. Bd3 {[%emt 0:00:04]} Nbd7 {[%emt 0:01:38]} 7. e4 {[%emt 0:00:06]} dxe4 {[%emt 0:03:52]} 8. Nxe4 {[%emt 0:00:06]} Nxe4 {[%emt 0:01:50]} 9. Bxe4 {[%emt 0:00:04]} Bb4+ {[%emt 0:04:56]} 10. Bd2 {[%emt 0:00:08]} Bxd2+ {[%emt 0:02:03]} 11. Qxd2 {[%emt 0:00:07]} O-O {[%emt 0:01:42]} 12. O-O {[%emt 0:05:14]} c5 {[%emt 0:03:23]} 13. Rfd1 {[%emt 0:01:35]} cxd4 {[%emt 0:12:26]} 14. Qxd4 {[%emt 0:01:56]} Qf6 {[%emt 0:04:05]} 15. Bc2 {[%emt 0:17:48]} a5 {[%emt 0:11:08]} 16. Qd2 {[%emt 0:03:08]} g6 {[%emt 0:07:15]} 17. Rab1 {[%emt 0:11:50]} Ne5 {[%emt 0:10:33]} 18. Nxe5 {[%emt 0:00:10]} Qxe5 {[%emt 0:00:01]} 19. Qd6 {[%emt 0:01:47]} Qxd6 {[%emt 0:04:14]} 20. Rxd6 {[%emt 0:00:06]} Rb8 {[%emt 0:03:16]} 21. c5 {[%emt 0:05:35]} e5 {[%emt 0:00:50]} 22. a3 {[%emt 0:00:21]} Be6 {[%emt 0:07:59]} 23. b4 {[%emt 0:04:18]} axb4 {[%emt 0:00:01]} 24. axb4 {[%emt 0:00:01]} Rfe8 {[%emt 0:01:21]} 25. h3 {[%emt 0:06:17]} Rbd8 {[%emt 0:00:57]} 26. Rbd1 {[%emt 0:00:52]} Rxd6 {[%emt 0:01:56]} 27. Rxd6 {[%emt 0:00:01]} f5 {[%emt 0:01:36]} 28. Ba4 {[%emt 0:00:51]} Re7 {[%emt 0:00:17]} 29. b5 {[%emt 0:02:29]} Bc4 {[%emt 0:04:14]} 30. b6 {[%emt 0:00:11]} e4 {[%emt 0:01:32]} 31. Bd7 {[%emt 0:16:32]} Ba6 {[%emt 0:00:47]} 32. Bc8 {[%emt 0:00:39]} Bb5 {[%emt 0:00:54]} 33. g4 {[%emt 0:15:05]} Kg7 {[%emt 0:00:05]} 34. g5 {[%emt 0:03:51]} f4 {[%emt 0:00:40]} 35. c6 {[%emt 0:01:37]} e3 {[%emt 0:00:50]} 36. fxe3 {[%emt 0:00:16]} bxc6 {[%emt 0:00:30]} 37. exf4 {[%emt 0:01:03]} Re1+ {[%emt 0:00:24]} 38. Kf2 {[%emt 0:00:01]} Re2+ {[%emt 0:00:26]} 39. Kf3 {[%emt 0:00:03]} Rb2 {[%emt 0:00:12]} 40. Ke3 {[%emt 0:02:32]} c5 {[%emt 0:00:40]} 41. b7 {[%emt 0:00:36]} Bf1 {[%emt 0:00:37]} 42. Rd7+ {[%emt 0:00:40]} Kf8 {[%emt 0:00:39]} 43. Rxh7 {[%emt 0:00:18]} Bg2 {[%emt 0:00:32]} 44. Rc7 {[%emt 0:00:41]} Rb3+ {[%emt 0:00:25]} 45. Kf2 {[%emt 0:00:12]} Rb2+ {[%emt 0:00:18]} 46. Kg3 {[%emt 0:00:00]} Be4 {[%emt 0:00:45]} 47. f5 {[%emt 0:00:19]} gxf5 {[%emt 0:00:15]} 48. Kf4 {[%emt 0:00:12]} Bg2 {[%emt 0:00:46]} 49. g6 {[%emt 0:00:13]} Bd5 {[%emt 0:00:32]} 50. Ke5 {[%emt 0:00:23]} Bg8 {[%emt 0:00:30]} 51. Bxf5 {[%emt 0:00:26]} Re2+ {[%emt 0:00:31]} 52. Be4 {[%emt 0:00:06]} 1-0